| 000 | 00847nam a22002297a 4500 | ||
|---|---|---|---|
| 005 | 20240530110443.0 | ||
| 008 | 150422s2010 ua a g 000 0 ara d | ||
| 017 |
_a2009/23826 _bمصر . دار الكتب المصرية |
||
| 020 | _a9789774088374 | ||
| 040 | _aEG-CaGPL | ||
| 082 | 0 | 4 |
_221 _a005.3\ _bل ق |
| 100 | 1 | _aلونى ، كيفين | |
| 245 | 1 | 0 |
_aقواعد بيانات اوراكل 11 جى : _bالمرجع الشامل / _cكيفين لونى |
| 250 | _aط1. | ||
| 260 |
_aالقاهرة : _bدار الفاروق للنشر والتوزيع ، _c2010. |
||
| 300 |
_a1959 ص ؛ _c24 سم. |
||
| 650 | 0 | 4 | _aاوراكل 11 جى |
| 650 | 0 | 4 |
_aالحاسبات الالكترونية _xبرامج |
| 710 | 0 | _aقسم الترجمة بدار الفاروق | |
| 942 |
_2ddc _cBK |
||
| 999 |
_c61084 _d61084 |
||